| 000 | 00708nam a2200241 4500 | ||
|---|---|---|---|
| 001 | 0000023514 | ||
| 003 | DO-SdBNP | ||
| 005 | 20160525105101.0 | ||
| 007 | 0000023514 | ||
| 008 | 160525b 1996 nyu xxu||||| |||| 00| 0 spa d | ||
| 020 | _a0590484745 | ||
| 040 |
_aBPMSU _bspa _cBPMSU |
||
| 092 |
_axxxxx _bxxxxx |
||
| 100 | 1 | _aShelf Medearis, Angela | |
| 245 | 1 | 0 |
_aThe spray-paint mystery / _cAngela Shelf Medearis ; illustrated by Richard Williams. |
| 260 |
_aNew York : _bScholastic, _c1996 |
||
| 300 |
_a102 p. : _bil. ; _c20 cm. |
||
| 490 | 1 | _aLittle apple | |
| 700 | 1 | 2 |
_aWilliams, Richard, _eil. |
| 830 | 0 | _pLittle apple | |
| 942 |
_2ddc _cBK |
||
| 956 |
_2LOPEREZ _310 _620160525 _8BPMSU _a00041 |
||
| 999 |
_c10218 _d10218 |
||